An introduction to ionic liquids (Record no. 666)

MARC details
000 -LEADER
fixed length control field 00549 a2200169 4500
001 - CONTROL NUMBER
control field 066647
003 - CONTROL NUMBER IDENTIFIER
control field OSt
005 - DATE AND TIME OF LATEST TRANSACTION
control field 20211005112733.0
008 - FIXED-LENGTH DATA ELEMENTS--GENERAL INFORMATION
fixed length control field
082 ## - DEWEY DECIMAL CLASSIFICATION NUMBER
Classification number 541.372
Item number F87I
100 1# - MAIN ENTRY--PERSONAL NAME
Personal name Freemantle, Michael
245 1# - TITLE STATEMENT
Title An introduction to ionic liquids
Statement of responsibility, etc by Michael Freemantle
260 ## - PUBLICATION, DISTRIBUTION, ETC. (IMPRINT)
Place of publication, distribution, etc New Delhi
Name of publisher, distributor, etc RSC Publications
Date of publication, distribution, etc 2010
300 ## - PHYSICAL DESCRIPTION
Extent 281p.
690 ## - LOCAL SUBJECT ADDED ENTRY--TOPICAL TERM (OCLC, RLIN)
Topical term or geographic name as entry element Ionic solutions; Electrolyte solutions; Biotechnology; Catalysis; Chemical reactions; Chemistry, Inorganic; Electrochemistry; Ions
942 ## - ADDED ENTRY ELEMENTS (KOHA)
Source of classification or shelving scheme Dewey Decimal Classification
Koha item type Books
Holdings
Withdrawn status Lost status Source of classification or shelving scheme Damaged status Not for loan Collection code Home library Current library Date acquired Source of acquisition Cost, normal purchase price Full call number Barcode Date last seen Price effective from Koha item type
    Dewey Decimal Classification     General Text Book Central University Of Rajasthan Central University Of Rajasthan 07/03/2012 CHM 2692.00 541.372 F87I 933 21/11/2024 02/09/2020 Books